LEADER 00921nam--2200337---450 001 990000803150203316 005 20210414112116.0 010 $a88-05-05600-6 035 $a0080315 035 $aUSA010080315 035 $a(ALEPH)000080315USA01 035 $a0080315 100 $a20011210d1996----km-y0itay0103----ba 101 $aita 102 $aIT 105 $a||||||||001yy 200 1 $a<> storia$ecinque secoli di esperienza italo-americana$fJerre Mangione, Ben Morreale 210 $aTorino$cSEI$d1996 215 $aXIX, 510 p$d23 cm 225 2 $aStoria 410 $12001$aStoria 606 0 $aImmigrati italiani$yAmerica 676 $a305.85107 700 1$aMANGIONE,$bJerre$0142740 801 0$aIT$bsalbc$gISBD 912 $a990000803150203316 951 $aX.3.B. 684 (VIII A COLL 150/3)$b136099 L.M.$cVIII A COLL 959 $aBK 969 $aUMA 996 $aStoria$9966239 997 $aUNISA